| 000 | 00786nam a22002417a 4500 | ||
|---|---|---|---|
| 999 |
_c326727 _d326727 |
||
| 001 | 40586 | ||
| 003 | UA-OsUOA | ||
| 005 | 20200126141253.0 | ||
| 007 | ta | ||
| 008 | 20060811b un ||||| |||| 00| 0 ukr d | ||
| 020 | _a966-518-240-4 | ||
| 040 |
_aUA-OsUOA _bukr _cUA-OsUOA _dUA-OsUOA |
||
| 041 | _aukr | ||
| 080 | _a330 | ||
| 090 |
_a330 _bЦ14 |
||
| 100 | _aЦайнінгер К. | ||
| 245 |
_aОптимізація бізнес- процесу для глобальної конкурентоспроможності _bінавгураційна лекція почесного професора КМА 1 вересня 2003 р. |
||
| 260 |
_aК. _bКМА _c2003 |
||
| 300 | _a38 с. | ||
| 650 | 7 |
_a330 Економіка взагалі _2UDC |
|
| 942 |
_cBK _2udc |
||
| 955 | _a1 | ||